Lower Limb Nerves - Statistics

General Stats
  • This quiz has been taken 79 times
  • The average score is 30 of 51
Answer Stats
Compartment Muscle Nerve Artery % Correct
Anterior Thigh rectus femoris femoral femoral
94%
Anterior Thigh vastus lateralis femoral femoral
94%
Anterior Thigh vastus medialis femoral femoral
94%
Anterior Thigh vastus intermedius femoral femoral
94%
Anterior Thigh sartorius femoral femoral
91%
Gluteal gluteas maximus inferior gluteal superior and inferior gluteal
74%
Medial Thigh adductor magnus obturator femoral
74%
Medial Thigh adductor brevis obturator femoral
74%
Medial Thigh adductor longus obturator femoral
74%
Medial Thigh pectineus obturator femoral
74%
Medial Thigh gracilis obturator femoral
74%
Gluteal gluteas medius superior gluteal superior and inferior gluteal
74%
Gluteal gluteas minimus superior gluteal superior and inferior gluteal
74%
Gluteal tensor fascia lata superior gluteal superior and inferior gluteal
71%
Medial Thigh obturator externus obturator femoral
69%
Anterior Thigh iliacus femoral femoral
66%
Posterior Leg gastrocnemius tibial posterior tibial
66%
Posterior Leg soleus tibial posterior tibial
66%
Posterior Leg plantaris tibial posterior tibial
66%
Posterior Leg flexor digitorum longus tibial posterior tibial
66%
Posterior Leg flexor hallucis longus tibial posterior tibial
66%
Posterior Leg tibialis posterior tibial posterior tibial
66%
Posterior Leg popliteus tibial posterior tibial
66%
Lateral Leg fibularis longus superficial fibular fibular
63%
Lateral Leg fibularis brevis superficial fibular fibular
63%
Anterior Leg tibialis anterior deep fibular anterior tibial
60%
Anterior Leg extensor hallucis longus deep fibular anterior tibial
60%
Anterior Leg extensor digitorum longus deep fibular anterior tibial
60%
Anterior Leg fibularis tertius deep fibular anterior tibial
60%
Gluteal obturator internus nerve to obturator internus superior and inferior gluteal
57%
Gluteal piriformis nerve to piriformis superior and inferior gluteal
57%
Gluteal superior gemellus nerve to obturator internus superior and inferior gluteal
54%
Gluteal inferior gemellus nerve to quadratus femoris superior and inferior gluteal
54%
Gluteal quadratus femoris nerve to quadratus femoris superior and inferior gluteal
54%
1st Layer Foot abductor digiti minimi lateral plantar lateral and medial plantar
51%
1st Layer Foot flexor digitorum brevis medial plantar lateral and medial plantar
51%
1st Layer Foot abductor hallucis medial plantar lateral and medial plantar
51%
Dorsum Foot extensor digitorum brevis deep fibular dorsalis pedis
46%
Dorsum Foot extensor hallucis brevis deep fibular dorsalis pedis
46%
3rd Layer Foot flexor digiti minimi lateral plantar deep plantar arch
46%
Anterior Thigh psoas major ventral rami femoral
46%
2nd Layer Foot quadratus plantae lateral plantar lateral and medial plantar
43%
3rd Layer Food flexor hallucis brevis medial plantar deep plantar arch
43%
3rd Layer Foot adductor hallucis lateral plantar deep plantar arch
37%
4th Layer Foot plantar interossei lateral plantar deep plantar arch
34%
Posterior Thigh semimembranosus tibial sciatic deep femoral
34%
Posterior Thigh semitendonosus tibial sciatic deep femoral
34%
Posterior Thigh biceps femoris long tibial sciatic deep femoral
34%
4th Layer Foot dorsal interossei lateral plantar deep plantar arch
31%
Posterior Thigh biceps femoris short common fibular sciatic deep femoral
29%
2nd Layer Foot lumbricals medial plantar 1, lateral plantar 2-4 lateral and medial plantar
6%
No matching quizzes found
Score Distribution
Percent of People with Each Score
Percentile by Number Answered
Your Score History
You have not taken this quiz